000 00426nam a2200121 4500
008 240927b |||||||| |||| 00| 0 eng d
022 _a02580365
245 _aThe Aligarh Journal of English Studies
_cedited by Mohammad Asim Siddiqui
260 _aAligarh
_bDepartment of English, Aligarh Muslim Uiversity
_c2024
300 _aVolume 31
_c24cm (pb)
700 _aSiddiqui,Mohammad Asim
_eEditor
_972120
942 _2ddc
_cSR
_mTHE
_s1
999 _c205978
_d205978